000 00865cam a2200217 4500
001 WB3729-08
008 010726n2001 000 0 eng u
035 _a(Sirsi) u113809
245 _aRetail market still thriving
260 _c2001
490 _aRICS Press Release
_v23 July 2001 (4)
520 _aReports from Scottish Chartered Surveyors indicate that the retail property market is still thriving in the UK with Scotland following the general trend. Stock prices of many retailers are doing well and competition for space is expected to increase by the end of the year, pushing up rents.
590 _aWB
650 _aSCOTTISH CHARTERED SURVEYORS
650 _aRETAIL PROPERTY MARKET
650 _aRENTAL VALUE
650 _aSPACE MANAGEMENT
650 _aHOUSE OF FRASER
690 _aPROPERTY-COMMERCIAL PROPERTY-RETAIL PROPERTY
942 _n0
999 _c67800
_d67800